000 00830nam a2200301Ia 4500
001 A0165
003 IT-RoPAU
008 130308s9999 xx 000 0 und d
040 _aIT-RoPAU
040 _cIT-RoPAU
041 _aFRANCESE
100 _aDixsaut Monique
100 _gCodice Aut. SPICS: 34399
245 _aIsocrate contre des sophistes sans sophistique
245 _bPlaisir de Parler (Le)-Etudes de Sophistique Comparee
250 _a1a ed.
260 _aPARIS
260 _bMinuit
260 _c1986 [1° Ed.:1986 - Ed.Ling.Originale:1984]
300 _a"23 p. (prefazione: no ; testo: 23 [pagine: 63-85])"
500 _aIsocrate contro I Sofisti senza Sofistica.
650 _aLINGUISTICA
650 _eCodice materia Spics: 3201
942 _cBK
957 _71
999 _c39329
_d39329
999 _bSI
999 _g1